000 00929nam a22002297a 4500
005 20240530110356.0
008 150106s2010 ua do f b 000 0 ara d
017 _a2010/2897
_bمصر . دار الكتب المصرية
020 _a9789773832049
040 _aEG-CaGPL
041 0 _aara
082 0 4 _221
_a620.5\
_bم ت
100 0 _aمحمد هاشم البشير محمد
245 1 0 _aتكنولوجيا النانو :
_bمقدمة الى انابيب النانو الكربونية و تطبيقاتها /
_cتاليف محمد هاشم البشير محمد
250 _aط1
260 _aالقاهرة :
_bايتراك للطباعة و النشر و التوزيع ،
_c2010
300 _a162 ص :
_bايض ؛
_c24 سم
504 _aيتشتمل على ارجاعات ببليوجرافية
650 0 4 _aتكنولوجيا النانو
942 _2ddc
_cBK
999 _c60161
_d60161